| 000 | 01041cam a22003011i 4500 | ||
|---|---|---|---|
| 001 | 200449330 | ||
| 003 | TR-AnTOB | ||
| 005 | 20240927160658.0 | ||
| 007 | ta | ||
| 008 | 220729s2022 tu b | m o001 0 tur d | ||
| 020 | _a9786258356021 | ||
| 040 |
_aTR-AnTOB _beng _erda _cTR-AnTOB |
||
| 041 | 0 | _atur | |
| 050 | 1 | 4 |
_aHF1583.4 _b.O783 2022 |
| 090 |
_aHF1583.4 _b.O783 2022 |
||
| 100 | 1 |
_aOruç, Ali _eauthor _957374 |
|
| 245 | 1 | 0 |
_aTürkiye’nin Afrika stratejisinin dış ekonomik ilişkiler bağlamında değerlendirilmesi ve öneriler / _cAli Oruç. |
| 264 | 1 |
_aAnkara : _bİSEDAK ve Uluslararası Kalkınma İşbirliği Genel Müdürlüğü, _c2022. |
|
| 300 |
_axi, 219 pages : _bmaps ; _c24cm |
||
| 336 |
_2rdacontent _atext _btxt |
||
| 337 |
_2rdamedia _aunmediated _bn |
||
| 338 |
_2rdacarrier _avolume _bnc |
||
| 504 | _aBIBINDX | ||
| 651 | 0 |
_aAfrika _xDış ekonomik ilişkiler _zTürkiye _972988 |
|
| 651 | 0 |
_aTürkiye _xDış ekonomik ilişkiler _zAfrika _972989 |
|
| 942 |
_2lcc _cBK |
||
| 999 |
_c200449330 _d67542 |
||